000
00233nam a2200085Ia 4500
008
170620s9999 xx 000 0 und d
100
_a
Kumar- Anil (Hindi)
245
0
_a
Shiksha Manovigyan (Hindi)
260
_b
New Delhi- Discovery Publishing House
260
_c
2004
999
_c
24536
_d
24536